La condition humaine / (Record no. 186633)

MARC details
000 -LEADER
campo de control de longitud fija 00603nam a2200205 i 4500
001 - NÚMERO DE CONTROL
campo de control 186633
003 - IDENTIFICADOR DE NÚMERO DE CONTROL
campo de control SpMaBN
005 - FECHA Y HORA DE LA ÚLTIMA TRANSACCIÓN
campo de control 20260623174046.0
008 - DATOS DE LONGITUD FIJA--INFORMACIÓN GENERAL
campo de control de longitud fija 161209s1989 fr |||| | fre d
100 1# - ENTRADA PRINCIPAL--NOMBRE DE PERSONA
Nombre de persona Malraux, André,
Fechas asociadas al nombre 1901-1976
9 (RLIN) 75859
245 13 - MENCIÓN DEL TÍTULO
Título La condition humaine /
Mención de responsabilidad, etc. André Malraux.
250 ## - MENCION DE EDICION
Mención de edición Éd. rev. et corr.
260 ## - PUBLICACIÓN, DISTRIBUCIÓN, ETC.
Lugar de publicación, distribución, etc. [Paris] :
Nombre del editor, distribuidor, etc. Gallimard,
Fecha de publicación, distribución, etc. 1989.
300 ## - DESCRIPCIÓN FÍSICA
Extensión 287 p. ;
Dimensiones 17 cm.
490 1# - MENCIÓN DE SERIE
Mención de serie Le livre de poche ;
Designación de volumen o secuencia 27
586 ## - NOTA DE PREMIOS
Nota de premios En contracub.: Prix Goncourt
830 03 - PUNTO DE ACCESO ADICIONAL DE SERIE-TÍTULO UNIFORME
Título uniforme Le livre de poche
Designación de volumen o secuencia 27
9 (RLIN) 179656
852 ## - LOCALIZACIÓN
Ubicación ES-MaACL
Número de control de estantería L-31022
Holdings
Estatus retirado Estado de pérdida Estado de daño No para préstamo Biblioteca de origen Biblioteca actual Ubicación en estantería Fecha de adquisición Fuente de adquisición Total de préstamos Signatura topográfica completa Código de barras Visto por última vez Precio de reemplazo Tipo de ítem Koha
        Biblioteca del Ateneo de Madrid Biblioteca del Ateneo de Madrid Depósito 2 09/12/2016     L-31022 1196816 23/02/2023 23/02/2023 Libro impreso